江南地区六朝帝陵陵号 - Statistics

General Stats
  • This quiz has been taken 4 times
  • The average score is 1 of 33
Answer Stats
陵主 陵号 % Correct
大帝孙权 蒋陵
100%
武帝刘裕 初宁陵
25%
景帝孙休 定陵
0%
元帝司马睿 建平陵
0%
明帝司马绍 武平陵
0%
成帝司马衍 兴平陵
0%
康帝司马岳 崇平陵
0%
穆帝司马聃 永平陵
0%
哀帝司马丕 安平陵
0%
简文帝司马昱 高平陵
0%
孝武帝司马曜 隆平陵
0%
安帝司马德宗 休平陵
0%
恭帝司马德文 冲平陵
0%
孝穆帝(追)刘翘 兴宁陵
0%
文帝刘义隆 长宁陵
0%
孝武帝刘骏 景宁陵
0%
明帝刘彧 高宁陵
0%
顺帝刘准 遂宁陵
0%
宣帝(追)萧承之 永安陵
0%
高帝萧道成 泰安陵
0%
武帝萧赜 景安陵
0%
文帝(追)萧长懋 崇安陵
0%
景帝(追)萧道生 修安陵
0%
明帝萧鸾 兴安陵
0%
和帝萧宝融 恭安陵
0%
文帝(追)萧顺之 建陵/建宁陵
0%
武帝萧衍 修陵
0%
昭明帝(追)萧统 安陵/安宁陵
0%
简文帝萧纲 庄陵
0%
元帝萧绎 颍陵/颍宁陵
0%
武帝陈霸先 万安陵
0%
文帝陈蒨 永宁陵
0%
宣帝陈顼 显宁陵
0%
No matching quizzes found
Score Distribution
Percent of People with Each Score
Percentile by Number Answered
Your Score History
You have not taken this quiz